| 000 | 00834cab a22002055a 4500 | ||
|---|---|---|---|
| 001 | L154359 | ||
| 008 | 111117e20111112xxk 000 0 eng d | ||
| 035 | _a(Sirsi) u154359 | ||
| 041 | 0 | _aeng | |
| 100 | 1 | _aLemmon, Stephen | |
| 245 | 0 | 0 | _aChilling costs looming |
| 260 | _c2011 | ||
| 490 |
_aEstates Gazette _v(1145) 12 November 2011, 92-93(2) |
||
| 520 | _aAssesses the impact the ban on the use of HCFC R22 in existing air conditioning systems from 1 January 2015 will have for facilities managers, landlords and tenants. Timeline tracing the history and future banning of the use of R22. | ||
| 590 | _aKA | ||
| 651 | 4 |
_aUnited Kingdom _y |
|
| 690 | _aBUILT ENVIRONMENT-BUILDING ELEMENTS-COMPLETE BUILDING SERVICES ELEMENTS-COMPLETE HEATING, VENTILATION AND AIR CONDITIONING SYSTEMS | ||
| 700 | 1 | _aKing, Vivien | |
| 942 | _n0 | ||
| 999 |
_c83591 _d83591 |
||